| 000 | 00804cab a2200253 4500 | ||
|---|---|---|---|
| 001 | ABS46680 | ||
| 008 | 090401t1992 xxu||||| |||| 00| 0 eng d | ||
| 035 | _a(Sirsi) u59149 | ||
| 041 | _aeng | ||
| 245 | _aRecovery hopes collapse | ||
| 260 | _c1992 | ||
| 350 | _a0 | ||
| 490 |
_aBuilding Market Report _vJuly 1992, 8-13(6) |
||
| 520 | _aA series of related articles giving an overview of general trends in the construction industry covering housing, new construction, output, building materials and regional orders for housing, commercial and industrial buildings. | ||
| 650 | _aCONSTRUCTION INDUSTRY | ||
| 650 | _aDOE | ||
| 650 | _aFORECASTS | ||
| 650 | _aHOUSE PRICES | ||
| 650 | _aNEW STARTS | ||
| 650 | _aOUTPUT | ||
| 690 | _aBUILT ENVIRONMENT | ||
| 942 | _n0 | ||
| 948 | _c04/03/1997 | ||
| 999 |
_c36248 _d36248 |
||